| 000 | 01168nam a2200229Ia 4500 | ||
|---|---|---|---|
| 003 | Ost | ||
| 005 | 20260416102351.0 | ||
| 008 | 260416s9999||||xx |||||||||||||| ||und|| | ||
| 040 | _cfsecg | ||
| 041 | _aara | ||
| 082 | _a657.46 | ||
| 100 |
_aسالمي، ياسين _eمؤلف |
||
| 245 | 0 |
_aالمحاسبة التحليلية / _c ياسين سالمي |
|
| 260 |
_aالجزائر _bجامعة الجزائر3: كلية العلوم الإقتصادية، العلوم التجارية وعلوم التسيير _c2016 |
||
| 300 |
_a185 ورقة _bايضاحات _c30 سم |
||
| 504 | _aمراجع ص.183 | ||
| 520 | _aمحاسبة التكاليف والتكلفة، طريقة التكاليف الكلية، طريقة التكاليف المتغيرة، طريقة التحميل العقلاني للتكاليف الثابتة، طريقة التكاليف المعيارية | ||
| 653 | _aالمحاسبة التحليلية | ||
| 653 | _aمحاسبة التكاليف | ||
| 710 |
_aجامعة الجزائر3: كلية العلوم الإقتصادية، العلوم التجارية وعلوم التسيير _eناشر علمي |
||
| 942 | _cHANDOUT | ||
| 999 |
_c41021 _d41021 |
||